| 000 | 00669nam a2200229 i 4500 | ||
|---|---|---|---|
| 001 | 133522 | ||
| 003 | ES-MaACL | ||
| 005 | 20230906194433.0 | ||
| 007 | t| | ||
| 008 | 070820s1948 fr ||||1| fre d | ||
| 080 | _a821.133.1"18" | ||
| 100 | 1 |
_aFeydeau, Ernest-Aimé. _950652 |
|
| 245 | 1 | 0 |
_aFanny / _cErnest Feydeau ; préface de René Dumesnil. |
| 260 |
_aParis : _bStock, _c[1948] |
||
| 300 |
_a192 p. ; _c21 cm. |
||
| 490 | 1 | _aCent romans français | |
| 500 | _aBiblioteca Jacinto Martínez Lacalle. | ||
| 700 | 1 |
_aDumesnil, René. _945998 |
|
| 830 | 0 |
_aCent romans français _9219747 |
|
| 852 |
_aES-MaACL _jE-11968 _bR.139861 |
||
| 999 |
_c133522 _d133522 |
||